| 000 | 00921nam0a22002531 4500 | ||
|---|---|---|---|
| 001 | rc\2584607 | ||
| 005 | 20250623121223.0 | ||
| 035 | _a(NLR Aleph) 006749012 | ||
| 090 |
_a5724645 _c5724645 |
||
| 100 | _a20110914d1929 |||y0rusy50 ca | ||
| 101 | 0 | _arus | |
| 102 | _aRU | ||
| 105 | _aa z ||||| | ||
| 200 | 1 |
_aПшеничный хлеб _eСырье. Производство. Сорта _fИнж.-технолог Л. Ауэрман |
|
| 210 |
_aМосква _cЦентросоюз _d1929 _gтипо-лит. Центросоюза |
||
| 215 |
_a118 с. _cил., черт. _d22х15 см. |
||
| 320 | _aБиблиография: "Перечень использованной литературы" (37 названий) | ||
| 700 | 1 |
_aАуэрман _bЛ.Я. _gЛев Яковлевич |
|
| 801 | 0 |
_aRU _bNLR _gpsbo |
|
| 801 | 1 |
_aRU _bELAR _2rusmarc |
|
| 852 |
_aNLR _j79/562 |
||
| 942 | _cBOOK | ||
| 980 | _aNB | ||